000 00785nam a2200229Ia 4500
005 20250108125110.0
008 008 250107s9999 xx 000 0 hin d
020 _a978-93-5629-044-0
037 _aTB
040 _aCRL
_bhin
_cCRL
041 _ahin
_2hin
084 _aX5wN45 R3
084 _qCRL
100 _aधर्मसिंह, अमित, संपा.
245 0 _aकिस्त
_cधर्मसिंह, अमित, संपा.
260 _aमुजफरनगर, भारत
_bरचनाकार प्रकाशन
_c3303
300 _a174पृ0
365 _aINR
_b795
650 _aहिन्दी कहानीहिन्दी साहित्य
_9729733
942 _cTB
_hX5wN45 R3
999 _c1235691
_d1235691